Welcher Ort ist größer? - Statistiken

Allgemein
  • Dieses Quiz wurde 552 mal gespielt
    219 seit der letzten Aktualisierung
  • Das Durchschnittsergebnis liegt bei 9 aus 15
Antwortstatistiken
Frage Antwort % Korrekt
? Harlem, die Viertel von Manhattan
85%
? Kanada
85%
Welches Bundesland? Baden-Württemberg
77%
? Kuba
75%
? Nordamerika
75%
? Antarktika
70%
? Zypern
65%
Welche Insel? Island
61%
? Palau
60%
? Sibirien
54%
? Vancouver Island
51%
? Kyushu
50%
? South Dakota
45%
Welcher US-Bundesstaat? New York
40%
? Honshu
38%
Keine übereinstimmenden Quizze gefunden
Verteilung der Resultate
Anzahl Personen mit jedem Resultat
Perzentil nach korrekt beantworteten Fragen
Ihre Resultats-Entwicklung
Sie haben dieses Quiz seit der letzten Aktualisierung nicht gespielt